000
00257nam a2200109Ia 4500
008
220204s9999 xx 000 0 und d
082
_a
82-3
_b
INN
100
_a
Innes, Hammond
245
0
_a
Killer mine
260
_a
Great Britain
_b
Fontana
_c
1977
942
_c
BK
999
_c
29386
_d
29386